ბათუმის შოთა რუსთაველის სახელმწიფო უნივერსიტეტის ბიბლიოთეკა

ფინანსური ურთიერთობის აქტუალური საკითხები : (ბიბ.ჩანაწერი № 34785)

000 -ლიდერი
ფიქსირებული სიგრძის საკონტროლო ველი 01168nam a2200265Ia 4500
001 - საკონტროლო ნომერი
საკონტროლო ველი 595
003 - საკონტროლო ნომრის იდენტიფიკატორი
საკონტროლო ველი GE_BSU
005 - ბოლო ოპერაციის თარიღი და დრო
საკონტროლო ველი 20251023211714.0
008 - ფიქსირებული სიგრძის მონაცემთა ელემენტები - ზოგადი ინფორმაცია
ფიქსირებული სიგრძის საკონტროლო ველი 181216s2006||||ge |||||||||||||| ||geo||
020 ## - წიგნის საერთაშორისო სტანდარტული ნომერი
International Standard Book Number 9994036947
040 ## - კატალოგიზაციის წყარო
Transcribing agency GE_BSU
041 ## - ენის კოდი
Language code of text/sound track or separate title geo
080 ## - უნივერსალური ათობითი კლასიფიკაციის ინდექსი
Universal Decimal Classification number 336.6(075.8) თ-86
100 ## - მთავარი ჩანაწერი - პიროვნების სახელი
Personal name თურმანიძე, ა.
9 (RLIN) 26097
245 ## - ცნობა სათაურის შესახებ
Title ფინანსური ურთიერთობის აქტუალური საკითხები :
Remainder of title [უმაღლ. სასწ. ეკონ. პროფილის სტუდ. /
Statement of responsibility, etc ალექსანდრე თურმანიძე; რედ. შ. ბენია.
264 ## - წარმოების, გამოცემის, დისტრიბუციის და სხვა ცნობები
გამოცემის, წარმოების, დისტრიბუციის... ადგილი თბილისი :
გამოცემის, წარმოების, დისტრიბუციის... სახელწოდება თობალისი,
გამოცემის, წარმოების, დისტრიბუციის... თარიღი 2006.
300 ## - ფიზიკური აღწერა
Extent 71 გვ.;
Other physical details 20 სმ.
504 ## - BIBLIOGRAPHY, ETC. NOTE
Bibliography, etc ბიბლიოგრ.: გვ. 70.
653 ## - INDEX TERM--UNCONTROLLED
Uncontrolled term ფინანსების თეორია
653 ## - INDEX TERM--UNCONTROLLED
Uncontrolled term ფინანსების მართვა
653 ## - INDEX TERM--UNCONTROLLED
Uncontrolled term ფინანსური ანგარიშგება
653 ## - INDEX TERM--UNCONTROLLED
Uncontrolled term საბაზრო ეკონომიკის მართვა
942 ## - ADDED ENTRY ELEMENTS (KOHA)
Koha item type წიგნი
Source of classification or shelving scheme
ეგზემპლარები
ჩამოწერის სტატუსი დაკარგული ეგზემპლარის სტატუსი კლასიფიკაციის წყარო ან თაროზე გაწყობის სქემა დაზიანების სტატუსი არ გაიცემა მუდმივი მდებარეობა (დაცვის ადგილი) ამჟამინდელი ადგილსამყოფელი თაროზე განთავსების ადგილი შეძენის თარიღი ღირებულება, შესყიდვის ნორმალური ფასი სრული შენახვის შიფრი შტრიხკოდი ბოლო ოპერაციის თარიღი ეგზემპლარის მიმდევრობითი ნომერი (კეტერი?) ფასის ძალაში შესვლის თარიღი ეგზემპლარის სახეობა საჯარო შენიშვნა
          ბათუმის შოთა რუსთაველის სახელმწიფო უნივერსიტეტის მთავარი ბიბლიოთეკა ბათუმის შოთა რუსთაველის სახელმწიფო უნივერსიტეტის მთავარი ბიბლიოთეკა წიგნსაცავი 2018-12-17 4.00 336.6(075.8) თ-86 1797 2018-12-17 1797 2018-12-17 წიგნი 4 ლ.
          ბათუმის შოთა რუსთაველის სახელმწიფო უნივერსიტეტის მთავარი ბიბლიოთეკა ბათუმის შოთა რუსთაველის სახელმწიფო უნივერსიტეტის მთავარი ბიბლიოთეკა წიგნსაცავი 2025-10-22 5.00 336.6(075.8) თ-86 72781 2025-10-22 72781 2025-10-22 წიგნი 5 ლ.
          ბათუმის შოთა რუსთაველის სახელმწიფო უნივერსიტეტის მთავარი ბიბლიოთეკა ბათუმის შოთა რუსთაველის სახელმწიფო უნივერსიტეტის მთავარი ბიბლიოთეკა წიგნსაცავი 2025-10-22 5.00 336.6(075.8) თ-86 72783 2025-10-22 72783 2025-10-22 წიგნი 5 ლ.
          ბათუმის შოთა რუსთაველის სახელმწიფო უნივერსიტეტის მთავარი ბიბლიოთეკა ბათუმის შოთა რუსთაველის სახელმწიფო უნივერსიტეტის მთავარი ბიბლიოთეკა წიგნსაცავი 2025-10-22 5.00 336.6(075.8) თ-86 72782 2025-10-22 72782 2025-10-22 წიგნი 5 ლ.